ბათუმის შოთა რუსთაველის სახელმწიფო უნივერსიტეტის ბიბლიოთეკა

Строительные башенные краны. (ბიბ.ჩანაწერი № 37291)

000 -LEADER
fixed length control field 00542nam a2200205Ia 4500
001 - CONTROL NUMBER
control field 3250
003 - CONTROL NUMBER IDENTIFIER
control field GE_BSU
008 - FIXED-LENGTH DATA ELEMENTS--GENERAL INFORMATION
fixed length control field 181216s||||||||xx |||||||||||||| ||und||
040 ## - CATALOGING SOURCE
Transcribing agency GE_BSU
080 ## - UNIVERSAL DECIMAL CLASSIFICATION NUMBER
Universal Decimal Classification number 621.873:69
100 ## - MAIN ENTRY--PERSONAL NAME
Personal name Коган,И.Я.
245 ## - TITLE STATEMENT
Title Строительные башенные краны.
250 ## - EDITION STATEMENT
Edition statement Изд. 3-е.
260 ## - PUBLICATION, DISTRIBUTION, ETC.
Place of publication, distribution, etc. М.
260 ## - PUBLICATION, DISTRIBUTION, ETC.
Name of publisher, distributor, etc. Машиностроение.
260 ## - PUBLICATION, DISTRIBUTION, ETC.
Date of publication, distribution, etc. 1971.
300 ## - PHYSICAL DESCRIPTION
Extent 396 стр. 22 см.
653 ## - INDEX TERM--UNCONTROLLED
Uncontrolled term Строительные башенные краны.
942 ## - ADDED ENTRY ELEMENTS (KOHA)
Koha item type წიგნი
ეგზემპლარები
Withdrawn status Lost status Damaged status Not for loan Date acquired Barcode Date last seen Price effective from Koha item type Public note
        2018-12-17 9895 2018-12-17 2018-12-17 წიგნი დარბაზი